| 000 | 01056nam2a2200229 4500 | ||
|---|---|---|---|
| 001 | rc\2658659 | ||
| 005 | 20260315043612.0 | ||
| 035 | _a(NLR Aleph) 006965822 | ||
| 090 |
_a13565453 _c13565453 |
||
| 100 | _a20110616d1931 u y0rusy50 ca | ||
| 101 | 0 | _arus | |
| 102 | _aRU | ||
| 105 | _ay z ||||| | ||
| 200 | 0 | _aВып. 3 | |
| 210 | _d1931 | ||
| 215 | _a56 с. | ||
| 461 | 0 |
_1001rc\2658658 _12000#$aРабочая книга по политической экономии$fН.Е. Линецкая$gПод ред. В.К. [?] Островитянова$gВсес. заоч. ин-т фин.-экон. и счетных наук Наркомфина СССР и ОРУ$vВып. 3 _1700#1$aЛинецкая$bН.Е.$gНадежда Ефимовна _95390701 _aЛинецкая, Н.Е. _cМосква _d1931 _fН.Е. Линецкая _nГосфиниздат _tРабочая книга по политической экономии _vВып. 3 |
|
| 801 | 0 |
_aRU _bNLR _gpsbo |
|
| 801 | 1 |
_aRU _bELAR _2rusmarc |
|
| 852 |
_aNLR _j31-17/124(3) |
||
| 942 | _cUNSPEC | ||
| 980 | _aNB | ||